Book

Derecho de obligaciones y responsabilidad en la actividad de enfermería /

Saved in:
Bibliographic Details
Main Author: Seco, Mirta Elena
Other Authors: Báez, Juan
Format: Book
Language:Spanish
Published: Remedios de Escalada, Buenos Aires : UNLa, 2011.
Series:Colección Salud Comunitaria. Serie Enfermería (UNLa).
Subjects:

MARC

LEADER 00000Cam#a2200000#a#4500
001 023786
005 20160721160739.0
008 120529s2011####ag # ||b |||||||spa#d
020 |a 9789871326624 
040 |a AR-BeUNQ 
082 0 4 |a 610.730/69  |2 21 
100 1 |a Seco, Mirta Elena. 
245 0 2 |a Derecho de obligaciones y responsabilidad en la actividad de enfermería /   |c Mirta Elena Seco, Juan Baéz. 
260 |a Remedios de Escalada, Buenos Aires :   |b UNLa,   |c 2011. 
300 |a 649 p. ;   |c 23 cm. 
490 1 |a Colección Salud Comunitaria. Serie Enfermería 
504 |a Incluye referencias bibliográficas y bibliografía (p. 647-649). 
650 7 |a Enfermería  |2 spines 
650 7 |a Responsabilidad  |2 spines 
650 7 |a Legislación  |2 spines 
650 7 |a Jurisprudencia  |2 spines 
700 1 |a Báez, Juan. 
830 0 |a Colección Salud Comunitaria.   |p Serie Enfermería (UNLa). 
929 |a CANJE  |b UNLa  |d 0  |e 20120413  |f PAT0042553  |j 47629 
942 |c LIB  |n 0 
999 |c 22429  |d 97816